00969cam a22002655a 450000500170000000800410001702000180005802000150007604000380009108200210012910000290015024500920017925000230027126000490029430000350034350000270037850000260040565000320043165100100046365300250047370000210049894200080051999900170052795201590054420201128024043.0161206t2014 si a frd 001 0 eng d a9781259011221 a1259011224 aEG-ScBUEbengcEG-ScBUEdEG-ScBUE04222a620.106bCEN1 95175aÇengel, Yunus A.10aFluid mechanics :bfundamentals and applications /cYunus A. Çengel, John M. Cimbala. a3rd ed., SI units. aSingapore :bMcGraw-Hill Education,cc.2014. axxiv, 986 p. :bill. ;c28 cm. aGlossary : p. 957-969. aIndex : p. [971]-986. 72BUEsh9878aFluid dynamics. 2BUEsh bENGGENcDecember20161 aCimbala, John M. 2ddc c23469d23441 00102ddc40708BaccahaMAINbMAINc1STd2016-12-06ePurchaseg480.00h25145l7m118o620.106 CENp000040225r2026-04-08 00:00:00s2026-02-01v600.00yBB